[Event "First Saturday 2008 szeptember IM-B"]
[Site "Budapest"]
[Date "2008.09.06"]
[Round "1.1"]
[White "Li, Panru"]
[Black "Moskovic, David M"]
[Result "0-1"]
[WhiteElo "2104"]
[BlackElo "2293"]
[PlyCount "79"]
[EventDate "2008.09.06"]

1. d4 Nf6 2. c4 g6 3. Nc3 Bg7 4. e4 d6 5. Nf3 O-O 6. Be2 Na6 7. O-O e5 8. Be3
c6 9. Qd2 Ng4 10. Bg5 f6 11. Bh4 Bh6 12. Qd1 Bf4 13. dxe5 g5 14. Bg3 fxe5 15.
Ne1 Nf6 16. Nd3 Be6 17. Bxf4 gxf4 18. b4 Bxc4 19. Nxf4 Bf7 20. Bxa6 bxa6 21.
Nfe2 d5 22. exd5 cxd5 23. Qd3 Qd6 24. Rad1 Rad8 25. b5 Bg6 26. Qg3 d4 27. a4
Qc5 28. Nb1 d3 29. Nec3 axb5 30. axb5 Rd4 31. Rfe1 Ng4 32. Rd2 Rdf4 33. Nd1
Qxb5 34. f3 Qxb1 35. fxg4 Qb4 36. Qe3 Re4 37. Rxd3 Rxe3 38. Rdxe3 Qc5 39. h3
Re8 40. Kh1 0-1

[Event "First Saturday 2008 szeptember IM-B"]
[Site "Budapest"]
[Date "2008.09.06"]
[Round "1.1"]
[White "Ruecker, Benjamin"]
[Black "Farago, Sandor"]
[Result "1-0"]
[WhiteElo "2246"]
[BlackElo "2271"]
[PlyCount "121"]
[EventDate "2008.09.06"]

1. Nf3 Nf6 2. c4 c5 3. g3 b6 4. Bg2 Bb7 5. O-O d6 6. Nc3 Nbd7 7. Re1 g6 8. e4
Bg7 9. d4 cxd4 10. Nxd4 Qc8 11. b3 O-O 12. Bb2 a6 13. Rc1 e5 14. Nc2 Nc5 15. b4
Ne6 16. Qxd6 Qxc4 17. Qxb6 Rab8 18. Bf1 Qc8 19. Qe3 Rd8 20. Bh3 Qc6 21. Bxe6
Qxe6 22. Qe2 Bh6 23. Rcd1 Rdc8 24. f3 Bf8 25. Kg2 a5 26. b5 Bc6 27. Ne3 Bd7 28.
Ned5 Nxd5 29. Rxd5 Bb4 30. Rc1 f6 31. g4 Qe8 32. a3 Bc5 33. a4 Be6 34. Rd2 Bd4
35. Nd5 Bxd5 36. Rxc8 Rxc8 37. exd5 Bxb2 38. Rxb2 Qd7 39. Qd2 e4 40. Qf4 exf3+
41. Qxf3 Rc4 42. h3 Rd4 43. Rf2 Qxd5 44. Qxd5+ Rxd5 45. Rb2 Rd7 46. Kf3 Kf7 47.
Ke4 Ke6 48. Rc2 f5+ 49. gxf5+ gxf5+ 50. Ke3 Rd1 51. Rc6+ Kd5 52. Ra6 Ke5 53. b6
f4+ 54. Ke2 Rd8 55. Rxa5+ Ke4 56. b7 f3+ 57. Kf2 Rd2+ 58. Ke1 f2+ 59. Kf1 Ke3
60. Re5+ Kf3 61. Rf5+ 1-0

[Event "First Saturday 2008 szeptember IM-B"]
[Site "Budapest"]
[Date "2008.09.06"]
[Round "1.1"]
[White "Galyas, Miklos"]
[Black "Petran, Pal"]
[Result "1/2-1/2"]
[WhiteElo "2463"]
[BlackElo "2361"]
[PlyCount "203"]
[EventDate "2008.09.06"]

1. d4 Nf6 2. c4 e6 3. Nc3 Bb4 4. Qc2 d5 5. a3 Bxc3+ 6. Qxc3 Ne4 7. Qc2 c5 8.
dxc5 Nc6 9. e3 Qa5+ 10. Bd2 Nxd2 11. Qxd2 Qxc5 12. cxd5 exd5 13. Nf3 O-O 14. b4
Qe7 15. Bb5 a5 16. O-O axb4 17. Bxc6 bxc6 18. axb4 Ba6 19. Rfb1 Bc4 20. Nd4 Qd6
21. Qc3 g6 22. Nf3 Rxa1 23. Rxa1 Rb8 24. Ne5 Qxb4 25. Qxb4 Rxb4 26. Nxc6 Rb6
27. Nd4 Kg7 28. g4 Bd3 29. Kg2 h6 30. Ra3 Bc4 31. h4 Rb1 32. g5 hxg5 33. hxg5
Rb7 34. Kg3 Re7 35. Ra8 Bd3 36. Ra3 Bc4 37. f3 f6 38. Kf4 fxg5+ 39. Kxg5 Re5+
40. Kf4 Kf6 41. Kg3 Rg5+ 42. Kf2 Rh5 43. Ra8 Rh1 44. Rf8+ Kg7 45. Rb8 Rf1+ 46.
Kg3 Re1 47. Kf4 Kf6 48. Rb6+ Kf7 49. Ne6 Bd3 50. Ng5+ Ke7 51. Rb7+ Kd6 52. Rb6+
Kc5 53. Rf6 Bf5 54. e4 dxe4 55. fxe4 Bxe4 56. Nxe4+ Kc4 57. Rxg6 Rf1+ 58. Ke5
Rf8 59. Nd6+ Kd3 60. Rg3+ Ke2 61. Ke4 Kf2 62. Ra3 Rb8 63. Ra2+ Kg3 64. Nf5+ Kg4
65. Rg2+ Kh3 66. Rg7 Rb4+ 67. Kf3 Rb3+ 68. Ne3 Kh4 69. Rg1 Kh5 70. Kf4 Rb4+ 71.
Ke5 Rb5+ 72. Nd5 Ra5 73. Ke4 Kh6 74. Ne7 Ra4+ 75. Ke5 Ra5+ 76. Kf6 Ra6+ 77. Kf7
Kh5 78. Nd5 Kh4 79. Nf6 Kh3 80. Kg6 Ra5 81. Ne4 Kh2 82. Rg4 Kh3 83. Rf4 Rb5 84.
Ng5+ Kg3 85. Rf1 Rb8 86. Ne4+ Kg4 87. Nf6+ Kg3 88. Ra1 Rb5 89. Ra3+ Kf4 90. Nd7
Ke4 91. Kf6 Kd4 92. Ke6 Rh5 93. Ra4+ Kc3 94. Ne5 Rh8 95. Rc4+ Kb3 96. Rc7 Rh1
97. Kd5 Rd1+ 98. Ke4 Kb4 99. Nd3+ Kb5 100. Kd4 Rh1 101. Rc2 Rd1 102. Rc1
1/2-1/2

[Event "First Saturday 2008 szeptember IM-B"]
[Site "Budapest"]
[Date "2008.09.07"]
[Round "1.2"]
[White "Moskovic, David M"]
[Black "Petran, Pal"]
[Result "1/2-1/2"]
[WhiteElo "2293"]
[BlackElo "2361"]
[PlyCount "109"]
[EventDate "2008.09.06"]

1. e4 c6 2. d4 d5 3. e5 Bf5 4. Nf3 e6 5. Be2 Ne7 6. O-O h6 7. b3 Nd7 8. Bb2 Bh7
9. c4 Ng6 10. Qd2 Be7 11. Nc3 O-O 12. Bd3 a6 13. Rac1 dxc4 14. bxc4 c5 15. Bxg6
Bxg6 16. d5 Nb6 17. d6 Bg5 18. Nxg5 Qxg5 19. f4 Qf5 20. Qe2 Qd3 21. Ba3 Qxe2
22. Nxe2 Rfc8 23. Rfd1 Nd7 24. g4 Be4 25. Kf2 b5 26. Ke3 Bc6 27. cxb5 axb5 28.
Bxc5 Rxa2 29. Nd4 Bd5 30. Bb4 Rc4 31. Rxc4 Bxc4 32. Rd2 Ra1 33. Rc2 Rb1 34. Nc6
f6 35. f5 Kf7 36. Nd8+ Ke8 37. Nxe6 Nxe5 38. Bc3 Rd1 39. Bxe5 fxe5 40. Nxg7+
Kd7 41. Rf2 Rd3+ 42. Ke4 Kxd6 43. f6 Rd4+ 44. Kf3 Rf4+ 45. Kg3 Rxf2 46. Kxf2 b4
47. Ke3 Be6 48. h3 b3 49. Kd2 e4 50. Kc3 e3 51. f7 Bxf7 52. Nf5+ Ke5 53. Nxe3
Be6 54. Ng2 Ke4 55. Nh4 1/2-1/2

[Event "First Saturday 2008 szeptember IM-B"]
[Site "Budapest"]
[Date "2008.09.07"]
[Round "1.2"]
[White "Farago, Sandor"]
[Black "Galyas, Miklos"]
[Result "1/2-1/2"]
[WhiteElo "2271"]
[BlackElo "2463"]
[PlyCount "99"]
[EventDate "2008.09.06"]

1. e4 c5 2. Nf3 d6 3. d4 cxd4 4. Nxd4 Nf6 5. Nc3 a6 6. Be3 e5 7. Nb3 Be6 8. Be2
Be7 9. O-O O-O 10. Nd5 Nbd7 11. f3 Nxd5 12. exd5 Bf5 13. c4 Bg5 14. Bf2 b6 15.
Nc1 a5 16. Nd3 Bg6 17. g3 Nc5 18. h4 Be7 19. Be3 Qc8 20. Kh2 f5 21. f4 e4 22.
Ne1 Bf6 23. Rb1 Be8 24. b3 Qd8 25. Kg2 Rb8 26. a4 Bd7 27. Nc2 Qe8 28. Qd2 Qf7
29. Bd4 Rfe8 30. Qe3 g6 31. h5 Re7 32. Rh1 Bxd4 33. Nxd4 Qf6 34. Rh4 Rg7 35.
hxg6 hxg6 36. Rbh1 Kf7 37. Rh6 Rgg8 38. Rh7+ Rg7 39. R1h6 Rxh7 40. Rxh7+ Kg8
41. Rh4 Kg7 42. Qc3 Rf8 43. Qa1 Kf7 44. Rh7+ Kg8 45. Rh6 Rf7 46. Bh5 Rg7 47.
Qg1 Be8 48. Qe3 Rh7 49. Rxh7 Kxh7 50. Be2 1/2-1/2

[Event "First Saturday 2008 szeptember IM-B"]
[Site "Budapest"]
[Date "2008.09.07"]
[Round "1.2"]
[White "Li, Panru"]
[Black "Ruecker, Benjamin"]
[Result "1/2-1/2"]
[WhiteElo "2104"]
[BlackElo "2246"]
[PlyCount "106"]
[EventDate "2008.09.06"]

1. d4 Nf6 2. c4 e5 3. dxe5 Ng4 4. Nf3 Bc5 5. e3 Nc6 6. Be2 O-O 7. a3 a5 8. O-O
Re8 9. Nc3 Ncxe5 10. Nxe5 Nxe5 11. Rb1 Ra6 12. b4 axb4 13. axb4 Bf8 14. c5 Ra8
15. Qc2 d6 16. Rd1 Qh4 17. Rd4 Qd8 18. Nb5 d5 19. e4 c6 20. Nc3 Qh4 21. Be3
dxe4 22. Qd2 Ng4 23. Bxg4 Qxg4 24. f3 Qg6 25. fxe4 Be7 26. Re1 Bh3 27. Bf4 Rad8
28. Bd6 Bh4 29. g3 Bg5 30. Qf2 f6 31. Ne2 Rxe4 32. Rxe4 Qxe4 33. Nf4 Qf5 34.
Qa2+ Kh8 35. Qf7 h6 36. Nxh3 Qxh3 37. Qxb7 Qg4 38. Qxc6 Qxb4 39. Re8+ Rxe8 40.
Qxe8+ Kh7 41. Qe2 Qd4+ 42. Kg2 Bd2 43. Qf2 Qe4+ 44. Kh3 g5 45. Qxd2 Kg6 46. g4
Qf3+ 47. Bg3 h5 48. Qc2+ Kh6 49. gxh5 f5 50. Qc4 Kxh5 51. Qf7+ Kh6 52. Qf6+ Kh5
53. Qf7+ Kh6 1/2-1/2

[Event "First Saturday 2008 szeptember IM-B"]
[Site "Budapest"]
[Date "2008.09.08"]
[Round "1.3"]
[White "Ruecker, Benjamin"]
[Black "Moskovic, David M"]
[Result "1/2-1/2"]
[WhiteElo "2246"]
[BlackElo "2293"]
[PlyCount "57"]
[EventDate "2008.09.06"]

1. d4 Nf6 2. c4 g6 3. Nc3 Bg7 4. e4 d6 5. Nf3 O-O 6. Be2 Na6 7. O-O e5 8. Be3
c6 9. d5 Ng4 10. Bd2 c5 11. Ne1 f5 12. Bxg4 fxg4 13. a3 b6 14. Nd3 Nc7 15. b4
Ba6 16. b5 Bc8 17. a4 Rf7 18. a5 Rb8 19. axb6 axb6 20. Ra7 Qh4 21. f3 gxf3 22.
Rxf3 Rxf3 23. Qxf3 Rb7 24. Rxb7 Bxb7 25. Na4 Na8 26. g3 Qf6 27. Qg4 Qf7 28. Kg2
h5 29. Qh4 1/2-1/2

[Event "First Saturday 2008 szeptember IM-B"]
[Site "Budapest"]
[Date "2008.09.08"]
[Round "1.3"]
[White "Galyas, Miklos"]
[Black "Li, Panru"]
[Result "1-0"]
[WhiteElo "2463"]
[BlackElo "2104"]
[PlyCount "117"]
[EventDate "2008.09.06"]

1. d4 d5 2. c4 e6 3. Nc3 Be7 4. cxd5 exd5 5. Bf4 Nf6 6. e3 Bf5 7. Nge2 O-O 8.
Ng3 Be6 9. Bd3 c5 10. dxc5 Bxc5 11. O-O Nc6 12. Rc1 d4 13. Nce4 Be7 14. Nf5
Bxf5 15. Nxf6+ Bxf6 16. Bxf5 dxe3 17. Bxe3 Qxd1 18. Rfxd1 Bxb2 19. Rb1 Rfd8 20.
Rxd8+ Rxd8 21. Kf1 Bd4 22. Rxb7 Bxe3 23. fxe3 a5 24. Bc2 Rd6 25. Bb3 Rf6+ 26.
Ke2 Kf8 27. Rb5 Ke7 28. Bd5 Nb4 29. Rb7+ Ke8 30. Bb3 h6 31. a3 Nc6 32. Rc7 Ne5
33. Rc5 Rf2+ 34. Kxf2 Nd3+ 35. Ke2 Nxc5 36. Bd5 f6 37. Kd2 Kd7 38. Kc3 Kc7 39.
Kc4 Kb6 40. Bf3 Na6 41. h4 Nc7 42. h5 Nb5 43. a4 Na3+ 44. Kd4 Nc2+ 45. Ke4 Kc5
46. Kf5 Nxe3+ 47. Kg6 Kb4 48. Kxg7 Kxa4 49. Kxh6 Kb5 50. Kg6 a4 51. h6 a3 52.
h7 a2 53. h8=Q a1=Q 54. Qe8+ Kc4 55. Qxe3 Qh1 56. Qf4+ Kb3 57. Qxf6 Qb1+ 58.
Kg7 Qe1 59. g4 1-0

[Event "First Saturday 2008 szeptember IM-B"]
[Site "Budapest"]
[Date "2008.09.08"]
[Round "1.3"]
[White "Petran, Pal"]
[Black "Farago, Sandor"]
[Result "1/2-1/2"]
[WhiteElo "2361"]
[BlackElo "2271"]
[PlyCount "56"]
[EventDate "2008.09.06"]

1. d4 d5 2. c4 c6 3. Nc3 Nf6 4. e3 a6 5. Qc2 g6 6. Bd2 Bg7 7. Nf3 O-O 8. Rc1 b5
9. cxd5 cxd5 10. Qb3 Qd6 11. Ne5 Bb7 12. Bd3 Nc6 13. Nxc6 Bxc6 14. O-O Rfb8 15.
a3 Nd7 16. Na2 a5 17. Qc2 Rc8 18. Bc3 e5 19. Qd2 exd4 20. exd4 Qc7 21. b3 Qb6
22. Bc2 Nf8 23. Rcd1 Ne6 24. Bb2 Bb7 25. Bb1 Rc7 26. b4 a4 27. Nc1 Rac8 28. Ne2
Rc4 1/2-1/2

[Event "First Saturday 2008 szeptember IM-B"]
[Site "Budapest"]
[Date "2008.09.09"]
[Round "1.4"]
[White "Moskovic, David M"]
[Black "Farago, Sandor"]
[Result "1-0"]
[WhiteElo "2293"]
[BlackElo "2271"]
[PlyCount "145"]
[EventDate "2008.09.06"]

1. e4 Nf6 2. e5 Nd5 3. d4 d6 4. c4 Nb6 5. exd6 exd6 6. Nc3 Be7 7. Be2 Bf5 8.
Nf3 O-O 9. O-O Bf6 10. Be3 d5 11. c5 Nc8 12. Qb3 Ne7 13. Qxb7 Nbc6 14. Nb5 a6
15. Nc3 Qd7 16. Bf4 Ra7 17. Qb3 Rb8 18. Qa3 Nxd4 19. Nxd4 Bxd4 20. Rfd1 Bf6 21.
Bf3 Be6 22. Rac1 Qc6 23. h3 a5 24. Rc2 g5 25. Be3 Rb4 26. Rcd2 h6 27. h4 Rxh4
28. Nxd5 Nxd5 29. Bxd5 Bxd5 30. Rxd5 Ra8 31. Bc1 a4 32. Qf3 Ra6 33. b3 Qe6 34.
g3 Re4 35. Be3 axb3 36. axb3 Kg7 37. Kg2 Ra2 38. R5d2 Ra3 39. Rd3 Rb4 40. Qd5
Qxd5+ 41. Rxd5 Rbxb3 42. Rd7 Ra2 43. Kf3 h5 44. Rxc7 Kg6 45. Rd6 Kf5 46. Rxf7
g4+ 47. Kg2 Rxe3 48. Rfxf6+ Kg5 49. Rg6+ Kf5 50. Rgf6+ Kg5 51. Rg6+ Kf5 52.
Rdf6+ Ke5 53. Re6+ Kf5 54. Rgf6+ Kg5 55. Rg6+ Kf5 56. Rxe3 Kxg6 57. Rc3 Ra7 58.
c6 Rc7 59. Rc5 Kf6 60. Rxh5 Kg6 61. Rc5 Kf6 62. Kf1 Ke6 63. Ke2 Kd6 64. Rc4
Re7+ 65. Kd3 Kc7 66. Rxg4 Kxc6 67. Re4 Rd7+ 68. Ke3 Kd5 69. f4 Ra7 70. Re5+ Kd6
71. Ke4 Rg7 72. Rg5 Rh7 73. g4 1-0

[Event "First Saturday 2008 szeptember IM-B"]
[Site "Budapest"]
[Date "2008.09.09"]
[Round "1.4"]
[White "Ruecker, Benjamin"]
[Black "Galyas, Miklos"]
[Result "1/2-1/2"]
[WhiteElo "2246"]
[BlackElo "2463"]
[PlyCount "110"]
[EventDate "2008.09.06"]

1. d4 Nf6 2. c4 g6 3. Nc3 Bg7 4. e4 d6 5. Nf3 O-O 6. Be2 e5 7. O-O Na6 8. Be3
Ng4 9. Bg5 Qe8 10. c5 h6 11. Bh4 exd4 12. Nxd4 dxc5 13. Nb3 Ne5 14. f4 c4 15.
fxe5 cxb3 16. Bxa6 bxa6 17. Bf6 bxa2 18. Rxa2 Be6 19. Nd5 Bxd5 20. Qxd5 Qb5 21.
Qxb5 axb5 22. Rfa1 Rfe8 23. Rxa7 Rxa7 24. Rxa7 Bxf6 25. exf6 g5 26. Rb7 Rxe4
27. Rxb5 Re6 28. Rc5 c6 29. b4 Rxf6 30. b5 cxb5 31. Rxb5 Kg7 32. g4 Ra6 33. Kg2
Kg6 34. Rb8 f6 35. Rg8+ Kh7 36. Rb8 Ra7 37. Rb3 Kg6 38. Rb6 Rf7 39. Kg3 h5 40.
h4 hxg4 41. Kxg4 gxh4 42. Kxh4 Ra7 43. Kg4 Ra4+ 44. Kf3 Kg5 45. Rb8 Ra3+ 46.
Kf2 f5 47. Rc8 Kg4 48. Rg8+ Kf4 49. Rb8 Ra2+ 50. Kf1 Kf3 51. Rb3+ Kg4 52. Rb4+
f4 53. Rb3 f3 54. Rb8 Ra1+ 55. Kf2 Ra2+ 1/2-1/2

[Event "First Saturday 2008 szeptember IM-B"]
[Site "Budapest"]
[Date "2008.09.10"]
[Round "1.5"]
[White "Galyas, Miklos"]
[Black "Moskovic, David M"]
[Result "1/2-1/2"]
[WhiteElo "2463"]
[BlackElo "2293"]
[PlyCount "109"]
[EventDate "2008.09.06"]

1. d4 Nf6 2. c4 g6 3. Nc3 Bg7 4. e4 d6 5. Nf3 O-O 6. h3 a6 7. Bg5 c5 8. d5 b5
9. Bd3 b4 10. Ne2 Nbd7 11. O-O a5 12. Qd2 Ba6 13. Ng3 Nb6 14. Rac1 Nfd7 15. Bh6
e6 16. h4 Qf6 17. b3 Bxh6 18. Qxh6 e5 19. Nh2 Rae8 20. Nf3 Re7 21. Qe3 Qf4 22.
h5 Nf6 23. Nh2 Kg7 24. Rfe1 a4 25. Qe2 Bc8 26. Qc2 Ra7 27. Re3 Nxh5 28. Nxh5+
gxh5 29. Rf1 axb3 30. axb3 h4 31. Qd1 f6 32. Be2 Kh8 33. Bg4 Rg7 34. Bxc8 Nxc8
35. Qf3 Qg5 36. Kh1 Rfg8 37. Rg1 Ne7 38. Qh3 f5 39. Nf3 Qg4 40. Nxh4 fxe4 41.
Qxg4 Rxg4 42. g3 Ra8 43. Kg2 Ra2 44. Rge1 Ng6 45. Nxg6+ hxg6 46. Rxe4 Rxe4 47.
Rxe4 Rb2 48. Re3 Kg7 49. Rf3 g5 50. g4 Rb1 51. Re3 Kf6 52. Rf3+ Kg6 53. Re3 Kf6
54. Rf3+ Kg6 55. Re3 1/2-1/2

[Event "First Saturday 2008 szeptember IM-B"]
[Site "Budapest"]
[Date "2008.09.10"]
[Round "1.5"]
[White "Petran, Pal"]
[Black "Ruecker, Benjamin"]
[Result "1-0"]
[WhiteElo "2361"]
[BlackElo "2246"]
[PlyCount "43"]
[EventDate "2008.09.06"]

1. d4 Nf6 2. c4 e6 3. Nf3 c5 4. d5 b5 5. dxe6 fxe6 6. cxb5 d5 7. Nc3 Bb7 8. e4
d4 9. e5 Nfd7 10. Nb1 Be7 11. Bc4 O-O 12. Nbd2 Bd5 13. b4 cxb4 14. Bxd5 exd5
15. Nb3 Qb6 16. Nbxd4 Bc5 17. Be3 Bxd4 18. Nxd4 Nxe5 19. Nc6 Qc7 20. Qxd5+ Nf7
21. Ne7+ Kh8 22. Rc1 1-0

[Event "First Saturday 2008 szeptember IM-B"]
[Site "Budapest"]
[Date "2008.09.10"]
[Round "1.5"]
[White "Farago, Sandor"]
[Black "Li, Panru"]
[Result "1-0"]
[WhiteElo "2271"]
[BlackElo "2104"]
[PlyCount "85"]
[EventDate "2008.09.06"]

1. e4 e6 2. d4 d5 3. Nc3 Nf6 4. e5 Nfd7 5. Nce2 c5 6. c3 Nc6 7. f4 Qb6 8. Nf3
Be7 9. h4 cxd4 10. cxd4 O-O 11. Nc3 f6 12. Bd3 fxe5 13. fxe5 Ndxe5 14. dxe5
Nxe5 15. Qe2 Ng4 16. Bg5 Bd6 17. O-O-O Nf2 18. Be3 Qxe3+ 19. Qxe3 Bf4 20. Qxf4
Rxf4 21. Ng5 Nxd1 22. Bxh7+ Kh8 23. Nxd1 Bd7 24. g3 Rc4+ 25. Kd2 Rf8 26. Bg6
Kg8 27. Bh7+ Kh8 28. Bd3 Rg4 29. Rg1 e5 30. Be2 Rd4+ 31. Ke3 Ra4 32. a3 d4+ 33.
Kd2 Bc6 34. Bd3 b5 35. Re1 b4 36. axb4 Rxb4 37. Rxe5 Ba4 38. Ne6 Re8 39. Bg6
Rc8 40. Rh5+ Kg8 41. Rf5 Rb7 42. Nc5 Rb4 43. Bf7+ 1-0

[Event "First Saturday 2008 szeptember IM-B"]
[Site "Budapest"]
[Date "2008.09.11"]
[Round "2.1"]
[White "Moskovic, David M"]
[Black "Li, Panru"]
[Result "1/2-1/2"]
[WhiteElo "2293"]
[BlackElo "2104"]
[PlyCount "106"]
[EventDate "2008.09.06"]

1. e4 e6 2. d3 d5 3. Nd2 Nf6 4. Ngf3 c5 5. g3 Be7 6. Bg2 O-O 7. O-O Nc6 8. Re1
b5 9. e5 Nd7 10. Nf1 a5 11. h4 b4 12. Bf4 f6 13. exf6 gxf6 14. Bh3 e5 15. Bh6
Rf7 16. Be6 Nf8 17. Bxf7+ Kxf7 18. Ne3 Be6 19. Nh2 Qd7 20. Bxf8 Rxf8 21. f4 Rg8
22. Qh5+ Kf8 23. f5 Bf7 24. Qh6+ Ke8 25. Neg4 Qxf5 26. Rf1 Qg6 27. Rxf6 Bxf6
28. Nxf6+ Ke7 29. Nxg8+ Bxg8 30. Qxg6 hxg6 31. Re1 Kd6 32. Nf3 Be6 33. Kf2 a4
34. Ng5 Bf5 35. Nf7+ Ke6 36. Nh6 Kf6 37. g4 Be6 38. Rf1 a3 39. Ke3+ Kg7 40. g5
axb2 41. Rb1 c4 42. dxc4 dxc4 43. Rxb2 c3 44. Rb1 Bxa2 45. Ra1 b3 46. cxb3 Nb4
47. Rc1 Bxb3 48. Rxc3 Nd5+ 49. Kd2 Nxc3 50. Kxc3 Bd1 51. Kd3 Bf3 52. Ke3 e4 53.
Kd4 Kf8 1/2-1/2

[Event "First Saturday 2008 szeptember IM-B"]
[Site "Budapest"]
[Date "2008.09.11"]
[Round "2.1"]
[White "Farago, Sandor"]
[Black "Ruecker, Benjamin"]
[Result "1/2-1/2"]
[WhiteElo "2271"]
[BlackElo "2246"]
[PlyCount "54"]
[EventDate "2008.09.06"]

1. e4 c5 2. Nf3 d6 3. d4 cxd4 4. Nxd4 Nf6 5. Nc3 a6 6. Be3 e6 7. Be2 Be7 8. Qd2
O-O 9. O-O-O b5 10. a3 Bb7 11. f3 Nbd7 12. g4 Nb6 13. g5 Nfd7 14. f4 Nc5 15.
Bd3 Nc4 16. Bxc4 bxc4 17. Qg2 Re8 18. h4 Rb8 19. Kb1 Qb6 20. Bc1 Nd3 21. cxd3
Qxd4 22. Qg1 Qxg1 23. Rhxg1 cxd3 24. Rxd3 Rec8 25. Re1 a5 26. f5 Ba6 27. Rf3
Bd8 1/2-1/2

[Event "First Saturday 2008 szeptember IM-B"]
[Site "Budapest"]
[Date "2008.09.11"]
[Round "2.1"]
[White "Petran, Pal"]
[Black "Galyas, Miklos"]
[Result "1/2-1/2"]
[WhiteElo "2361"]
[BlackElo "2463"]
[PlyCount "38"]
[EventDate "2008.09.06"]

1. d4 f5 2. Nh3 Nf6 3. Bg5 e6 4. e3 Be7 5. Nf4 O-O 6. Bd3 Ne4 7. Bxe7 Qxe7 8.
Nd2 Nxd2 9. Qxd2 d6 10. O-O-O Kh8 11. g4 e5 12. dxe5 Qxe5 13. h4 fxg4 14. h5
Bf5 15. Bxf5 Rxf5 16. Rdg1 Nd7 17. Rxg4 Nf6 18. Rgh4 Kg8 19. Qb4 b6 1/2-1/2

[Event "First Saturday 2008 szeptember IM-B"]
[Site "Budapest"]
[Date "2008.09.12"]
[Round "2.2"]
[White "Petran, Pal"]
[Black "Moskovic, David M"]
[Result "0-1"]
[WhiteElo "2361"]
[BlackElo "2293"]
[PlyCount "100"]
[EventDate "2008.09.06"]

1. d4 Nf6 2. c4 g6 3. Nc3 Bg7 4. Nf3 O-O 5. e4 d6 6. Be2 Na6 7. O-O e5 8. Be3
c6 9. Re1 Ng4 10. Bg5 Qc7 11. h3 exd4 12. Nxd4 h6 13. Bc1 Nf6 14. Nb3 Re8 15.
Bf1 Nc5 16. Nxc5 dxc5 17. Qf3 g5 18. Bd2 Be6 19. g4 Rad8 20. Be3 Qe5 21. Rad1
b6 22. Qg2 Nd7 23. f3 Nf8 24. Rxd8 Rxd8 25. Rd1 Rxd1 26. Nxd1 Ng6 27. Qf2 Nf4
28. Qd2 Ng6 29. Bf2 Nh4 30. Be2 Bf6 31. Qd3 Kg7 32. b3 Ng6 33. Bf1 Qa1 34. Qd2
Nf4 35. Be3 Ng6 36. Bf2 Be5 37. Be3 Kh7 38. Kf2 Bc7 39. Be2 Qe5 40. Ke1 Qg3+
41. Nf2 Nh4 42. Kd1 Nxf3 43. Bxf3 Qxf3+ 44. Kc2 Qf6 45. Nd3 Qa1 46. Nc1 Be5 47.
Kd3 Bf6 48. Qc2 Qe5 49. Kd2 Kg7 50. Qd3 Qh2+ 0-1

[Event "First Saturday 2008 szeptember IM-B"]
[Site "Budapest"]
[Date "2008.09.12"]
[Round "2.2"]
[White "Galyas, Miklos"]
[Black "Farago, Sandor"]
[Result "1-0"]
[WhiteElo "2463"]
[BlackElo "2271"]
[PlyCount "97"]
[EventDate "2008.09.06"]

1. d4 d5 2. c4 c6 3. Nc3 Nf6 4. e3 a6 5. Nf3 g6 6. Bd3 Bg7 7. O-O O-O 8. h3 b5
9. cxd5 cxd5 10. Bd2 Bb7 11. a4 b4 12. Na2 a5 13. Nc1 Nbd7 14. Nb3 Ba6 15. Bxa6
Rxa6 16. Qe2 Qb6 17. Rfc1 Ne4 18. Rc2 Ra7 19. Rac1 Qb8 20. Be1 e6 21. Nfd2 Nd6
22. Nc5 Nb6 23. b3 Rc8 24. Nf3 Qa8 25. Ne5 Rac7 26. f4 f6 27. Nf3 Re7 28. Qa6
Qxa6 29. Nxa6 Rxc2 30. Rxc2 Ra7 31. Rc6 Rxa6 32. Rxd6 Kf7 33. Rc6 Bf8 34. g4
Ke7 35. f5 exf5 36. gxf5 gxf5 37. Bg3 Kd7 38. Rxf6 Be7 39. Rh6 Ke8 40. Bc7 Bd8
41. Bxd8 Kxd8 42. Ne5 Kc8 43. h4 Kb7 44. Rxh7+ Kc8 45. Rh6 Kb7 46. h5 Ra8 47.
Rg6 Nc4 48. bxc4 b3 49. c5 1-0

[Event "First Saturday 2008 szeptember IM-B"]
[Site "Budapest"]
[Date "2008.09.13"]
[Round "2.3"]
[White "Moskovic, David M"]
[Black "Ruecker, Benjamin"]
[Result "1/2-1/2"]
[WhiteElo "2293"]
[BlackElo "2246"]
[PlyCount "98"]
[EventDate "2008.09.06"]

1. e4 e5 2. Nf3 Nc6 3. Nc3 Nf6 4. g3 Bc5 5. Bg2 d6 6. d3 a6 7. O-O h6 8. h3 Ba7
9. Be3 Bxe3 10. fxe3 Ne7 11. Nh4 c6 12. d4 Qc7 13. Kh2 Ng6 14. Nf5 Bxf5 15.
exf5 Nf8 16. Ne2 N8d7 17. c4 a5 18. Nc3 Rd8 19. Qd3 O-O 20. Rac1 exd4 21. exd4
Rfe8 22. Rfe1 Qb8 23. Qd2 Rxe1 24. Rxe1 Re8 25. Bf3 Rxe1 26. Qxe1 Qa7 27. Qd2
Nb6 28. b3 d5 29. Be2 Qb8 30. Bd3 dxc4 31. bxc4 Qd8 32. Qe3 Qd6 33. Ne4 Nxe4
34. Qxe4 Nd7 35. c5 Qf8 36. Bc4 Nf6 37. Qe5 Qd8 38. a4 Kf8 39. Kg2 Qe7 40.
Qxe7+ Kxe7 41. Kf3 Nd7 42. Ke4 b6 43. cxb6 Nxb6 44. Bb3 Kf6 45. h4 h5 46. Kf4
g6 47. fxg6 fxg6 48. Ke4 Nd7 49. Bd1 Nb6 1/2-1/2

[Event "First Saturday 2008 szeptember IM-B"]
[Site "Budapest"]
[Date "2008.09.13"]
[Round "2.3"]
[White "Li, Panru"]
[Black "Galyas, Miklos"]
[Result "1/2-1/2"]
[WhiteElo "2104"]
[BlackElo "2463"]
[PlyCount "149"]
[EventDate "2008.09.06"]

1. d4 f5 2. c4 Nf6 3. Nc3 d6 4. Nf3 g6 5. g3 Bg7 6. Bg2 O-O 7. d5 a5 8. O-O Qe8
9. Be3 h6 10. a3 g5 11. Bd4 c5 12. dxc6 bxc6 13. Bxf6 Bxf6 14. Nd4 Ra6 15. e4
fxe4 16. Nxe4 Bg7 17. Qd2 Qg6 18. Rac1 a4 19. Nc3 Kh8 20. Nc2 Bd7 21. Nb4 Ra5
22. Rce1 Qf7 23. Re3 Re5 24. Rxe5 Bxe5 25. c5 dxc5 26. Nd3 Bd4 27. Nxa4 c4 28.
Ndc5 e5 29. Nxd7 Qxd7 30. Nc3 Qf5 31. Ne4 Nd7 32. Rc1 Nf6 33. Nxf6 Rxf6 34.
Rxc4 Qb1+ 35. Qc1 Rxf2 36. Kh1 Rxb2 37. Rxc6 Qxc1+ 38. Rxc1 Ra2 39. Be4 Rxa3
40. Rc6 Kg7 41. Rg6+ Kf7 42. Rxh6 g4 43. h3 Rxg3 44. hxg4 Rxg4 45. Bd5+ Ke7 46.
Kh2 Be3 47. Rc6 Bf4+ 48. Kh1 Rg3 49. Rc4 Kf6 50. Rb4 Kg5 51. Rb3 Be3 52. Rb8
Rg1+ 53. Kh2 Rd1 54. Rg8+ Kf6 55. Bf3 Rd2+ 56. Rg2 Bf4+ 57. Kh3 Rd8 58. Be4 Rd1
59. Bf3 Rd3 60. Kg4 Rd4 61. Re2 Be3+ 62. Kg3 Rd3 63. Kg4 Ra3 64. Bd5 Bf4 65.
Bf3 Ke6 66. Rc2 Ra4 67. Rc6+ Kd7 68. Kf5 Bg3 69. Rc3 Rf4+ 70. Kg5 Bh4+ 71. Kh5
Bf2 72. Bg4+ Kd6 73. Rf3 Rxf3 74. Bxf3 e4 75. Bxe4 1/2-1/2

[Event "First Saturday 2008 szeptember IM-B"]
[Site "Budapest"]
[Date "2008.09.13"]
[Round "2.3"]
[White "Farago, Sandor"]
[Black "Petran, Pal"]
[Result "1/2-1/2"]
[WhiteElo "2271"]
[BlackElo "2361"]
[PlyCount "37"]
[EventDate "2008.09.06"]

1. e4 c6 2. d4 d5 3. Nc3 dxe4 4. Nxe4 Bf5 5. Ng3 Bg6 6. Nf3 Nd7 7. h4 h6 8. h5
Bh7 9. Bd3 Bxd3 10. Qxd3 e6 11. Bf4 Qa5+ 12. Bd2 Qc7 13. Ne4 Ngf6 14. O-O-O
Nxe4 15. Qxe4 Nf6 16. Qe2 O-O-O 17. g3 Bd6 18. c4 c5 19. Bc3 1/2-1/2

[Event "First Saturday 2008 szeptember IM-B"]
[Site "Budapest"]
[Date "2008.09.14"]
[Round "2.4"]
[White "Farago, Sandor"]
[Black "Moskovic, David M"]
[Result "1-0"]
[WhiteElo "2271"]
[BlackElo "2293"]
[PlyCount "93"]
[EventDate "2008.09.06"]

1. e4 c5 2. Nf3 d6 3. d4 cxd4 4. Nxd4 Nf6 5. Nc3 a6 6. Bc4 e6 7. Bb3 b5 8. a3
Be7 9. Be3 O-O 10. Qe2 Bb7 11. f3 Nbd7 12. g4 Nc5 13. Ba2 Nfd7 14. O-O-O Qa5
15. Qd2 Rfc8 16. Kb1 Qc7 17. b4 Na4 18. Nxa4 bxa4 19. c4 Ne5 20. Rhf1 g6 21. g5
Bf8 22. Rc1 Bg7 23. Qe2 Qe7 24. h4 a5 25. Bd2 axb4 26. Bxb4 Nd7 27. Nb5 Nc5 28.
Rfd1 Be5 29. Qe3 Rab8 30. Rc2 Rd8 31. f4 Bg7 32. e5 Ne4 33. exd6 Qd7 34. Kc1 e5
35. Nc7 exf4 36. Qxf4 Qh3 37. c5 Bc6 38. Bxf7+ Kh8 39. Be6 Qg3 40. Qxg3 Nxg3
41. Bd5 Bd7 42. Ne6 Bxe6 43. Bxe6 Be5 44. c6 Bf4+ 45. Kb2 Bxd6 46. Rxd6 Rxd6
47. c7 1-0